Pejavara Sadashiva Rav: nurara nudi namana (Record no. 120754)
[ view plain ]
| 000 -LEADER | |
|---|---|
| fixed length control field | 00851nam a2200277Ia 4500 |
| 003 - CONTROL NUMBER IDENTIFIER | |
| control field | OSt |
| 005 - DATE AND TIME OF LATEST TRANSACTION | |
| control field | 20250917122247.0 |
| 008 - FIXED-LENGTH DATA ELEMENTS--GENERAL INFORMATION | |
| fixed length control field | 210210b2015 xxu||||| |||| 00| 0 eng d |
| 020 ## - INTERNATIONAL STANDARD BOOK NUMBER | |
| International Standard Book Number | 8186668934 |
| 040 ## - CATALOGING SOURCE | |
| Transcribing agency | AL |
| 041 ## - LANGUAGE CODE | |
| Language code of text/sound track or separate title | Kannada |
| 082 ## - DEWEY DECIMAL CLASSIFICATION NUMBER | |
| Classification number | K894.9 NAVP |
| 100 ## - MAIN ENTRY--PERSONAL NAME | |
| Personal name | NAVADA (Gayatri) Ed |
| 9 (RLIN) | 142434 |
| Dates associated with a name | ಗಾಯತ್ರಿ ನಾವಡ |
| 245 ## - TITLE STATEMENT | |
| Title | Pejavara Sadashiva Rav: nurara nudi namana |
| Remainder of title | ಪೇಜಾವರ ಸದಾಶಿವರಾವ್ : ನೂರರ ನುಡಿ ನಮನ |
| 260 ## - PUBLICATION, DISTRIBUTION, ETC. | |
| Place of publication, distribution, etc. | Udupi |
| Name of publisher, distributor, etc. | Rastrakavi Govinda Pai Samshodhana Kendra., |
| Date of publication, distribution, etc. | 2015 |
| 300 ## - PHYSICAL DESCRIPTION | |
| Extent | 344 |
| 650 ## - SUBJECT ADDED ENTRY--TOPICAL TERM | |
| Topical term or geographic name entry element | Sadashiva |
| 9 (RLIN) | 142435 |
| 650 ## - SUBJECT ADDED ENTRY--TOPICAL TERM | |
| Topical term or geographic name entry element | Rav: |
| 9 (RLIN) | 142436 |
| 650 ## - SUBJECT ADDED ENTRY--TOPICAL TERM | |
| Topical term or geographic name entry element | Pejavara |
| 9 (RLIN) | 142437 |
| 650 ## - SUBJECT ADDED ENTRY--TOPICAL TERM | |
| Topical term or geographic name entry element | nurara |
| 9 (RLIN) | 142438 |
| 650 ## - SUBJECT ADDED ENTRY--TOPICAL TERM | |
| Topical term or geographic name entry element | nudi |
| 9 (RLIN) | 142439 |
| 650 ## - SUBJECT ADDED ENTRY--TOPICAL TERM | |
| Topical term or geographic name entry element | namana |
| 9 (RLIN) | 142440 |
| 690 ## - LOCAL SUBJECT ADDED ENTRY--TOPICAL TERM (OCLC, RLIN) | |
| Topical term or geographic name as entry element | Kannada Criticism |
| 9 (RLIN) | 142441 |
| 906 ## - LOCAL DATA ELEMENT F, LDF (RLIN) | |
| a | 071401 |
| 942 ## - ADDED ENTRY ELEMENTS (KOHA) | |
| Source of classification or shelving scheme | Dewey Decimal Classification |
| Koha item type | Book |
| Withdrawn status | Lost status | Damaged status | Not for loan | Collection code | Home library | Current library | Shelving location | Date acquired | Cost, normal purchase price | Total Checkouts | Full call number | Barcode | Date last seen | Price effective from | Koha item type |
|---|---|---|---|---|---|---|---|---|---|---|---|---|---|---|---|
| Tulu | St Aloysius Library | St Aloysius Library | 02/17/2021 | 399.00 | K894.9 NAVP | 071401 | 02/17/2021 | 02/17/2021 | Book |